00521nam a2200193 a 4500001001300000003000900013005001700022008004100039020002600080082001800106100001600124245004300140260003200183300000900215500003500224505002000259650003200279700001600311nice12345678IN_TiNIC20260116013904.0050524s1987 lona grp 000 0 eng  a1850435 c1445.500a320.9612bDAV aDavis, John aLibyan Politicsb Tribe and Revolution aLondon bTauris Pub. c1987 a297p aincludes index and biblioraphy2 aIndex, Donation aLibya-Politics & Government1 aDavis, John